Essentials of human communication
Saved in:
| Main Author: | |
|---|---|
| Format: | Book |
| Language: | English |
| Published: |
Boston :
Pearson/Allyn and Bacon,
c2005.
|
| Edition: | 5th ed. |
| Subjects: | |
| Tags: |
Add Tag
No Tags, Be the first to tag this record!
|
MARC
| LEADER | 00000cam a2200000 i 4500 | ||
|---|---|---|---|
| 001 | 1/32565 | ||
| 008 | 060720s2005 mau| ||| |||| ||eng|| | ||
| 020 | |a 0205414885 | ||
| 035 | |l 10084710 | ||
| 040 | |a GR-MyUa |b gre |e AACR2 | ||
| 041 | 0 | |a eng | |
| 082 | 7 | |a 302.2 |2 (22) | |
| 100 | 1 | |a DeVito, Joseph A. | |
| 245 | 1 | 0 | |a Essentials of human communication / |c Joseph A. DeVito. |
| 250 | |a 5th ed. | ||
| 260 | |a Boston : |b Pearson/Allyn and Bacon, |c c2005. | ||
| 300 | |a xxvi, 374 σ. : |b εικ. ; |c 28 εκ. | ||
| 504 | |a Περιλαμβάνει βιβλιογραφικές παραπομπές (σ. 351-364) και ευρετήριο. | ||
| 650 | 0 | |a Communication. | |
| 852 | |a INST |b SYROS |e 20060720 |h 302.2 DEV |p 005500004793 |q 005500004793 |t BK |y 0 | ||
| 901 | |a BIBL5-2006-2 | ||
| 920 | |a Αναμόρφωση |b ΕΠΕΑΕΚ ΙΙ-ΤΜΣΠΣ |y Σύρος |z 2006-06 | ||
| 970 | |a Κοντού |b Παρασκευή |z 20/07/2006 | ||